00621nam a2200193 a 450000100100000000500170001000800410002704000130006808200150008110000320009624500490012825000110017726000440018830000210023270000380025304900090029195201120030099900150041200000736520200929154138.0090908s2005 dr 001 0 spa d aDO-SdBNP axxxbG216a1 aGarcía Dubus, Luis92049010aAnimo en dos minutos /cLuis García Dubus. a5a ed. aSanto Domingo, :bEdiciones MSC,c2005. a174 p. ;c22 cm.1 aEscapa, Amancioeprólogo920491 aBNPD 0010718PDaPDbPDcCTd2009-09-08iLF1l0oxxx G216ap7365-10r2020-06-25w2020-06-25yLFPDZNo se presta c7146d7146